000 00330nam a2200133Ia 4500
008 151001s9999||||xx |||||||||||||| ||und||
100 _aदुर्गा - भागवत
245 _aअस्वल
250 _a1
260 _bवरदा बुक्स
260 _c1982
300 _a288
365 _b21
999 _c963169
_d963166